000
00250nam a2200085Ia 4500
245
0
_a
Star spotters : telescopes and observatories
100
_a
JEFFERIS, David New York, 2009
_9
94750
942
_c
BK
008
210818s9999 xx 000 0 und d
999
_c
433116
_d
433115